Países da Oceania - Statistics

Estatísticas Gerais
  • Esse quiz foi jogado 134 vezes
  • A pontuação média é 13 de 14
Respostas no mapa
Respostas codificadas por cores de uma escala verde-vermelha no mapa do quiz de acordo com a % correta abaixo.
 
Estatísticas das Respostas
Resposta % Correto
Austrália
100%
Nova Zelândia
99%
Fiji
91%
Papua Nova Guiné
91%
Tuvalu
91%
Ilhas Marshall
90%
Estados Federados da Micronésia
89%
Ilhas Salomão
89%
Vanuatu
89%
Samoa
88%
Palau
86%
Kiribati
84%
Nauru
84%
Tonga
81%
Nenhum quiz correspondente encontrado
Distribuição das Pontuações
Porcentagem de Pessoas com Cada Pontuação
Percentil de Números Respondidos
Sua Pontuação Histórica
Você não jogou esse quiz